<?xml version="1.0" encoding="UTF-8"?>
<record
    xmlns:xsi="http://www.w3.org/2001/XMLSchema-instance"
    xsi:schemaLocation="http://www.loc.gov/MARC21/slim http://www.loc.gov/standards/marcxml/schema/MARC21slim.xsd"
    xmlns="http://www.loc.gov/MARC21/slim">

  <leader>     nam a22        4500</leader>
  <datafield tag="999" ind1=" " ind2=" ">
    <subfield code="c">87592</subfield>
    <subfield code="d">87381</subfield>
  </datafield>
  <controlfield tag="005">20230823145708.0</controlfield>
  <controlfield tag="007">0</controlfield>
  <controlfield tag="008">230823b        xxu||||| |||| 00| 0 eng 0</controlfield>
  <datafield tag="020" ind1=" " ind2=" ">
    <subfield code="a">\a 9780801885853</subfield>
  </datafield>
  <datafield tag="040" ind1=" " ind2=" ">
    <subfield code="a">\a  NG-ZaABU</subfield>
    <subfield code="c">0</subfield>
  </datafield>
  <datafield tag="050" ind1=" " ind2=" ">
    <subfield code="a">\a RA 418 Con </subfield>
    <subfield code="b">\b 513474</subfield>
  </datafield>
  <datafield tag="100" ind1=" " ind2=" ">
    <subfield code="9">7339</subfield>
    <subfield code="a">a Conrad, Peter</subfield>
  </datafield>
  <datafield tag="245" ind1=" " ind2=" ">
    <subfield code="a">\a The Medicalization of Society :</subfield>
    <subfield code="b">\\b The Transformation of Human Conditions into Treatable Disorders</subfield>
    <subfield code="c">\c by Peter Conrad</subfield>
    <subfield code="h">\h [Text]</subfield>
  </datafield>
  <datafield tag="260" ind1=" " ind2=" ">
    <subfield code="a">\a Baltimore :</subfield>
    <subfield code="b">\b The John Hopkins University Press</subfield>
    <subfield code="c">\c 2022</subfield>
  </datafield>
  <datafield tag="300" ind1=" " ind2=" ">
    <subfield code="a">\a xiv,204p.:</subfield>
    <subfield code="b">\b ill.</subfield>
  </datafield>
  <datafield tag="500" ind1=" " ind2=" ">
    <subfield code="a">\a Includes Index</subfield>
  </datafield>
  <datafield tag="504" ind1=" " ind2=" ">
    <subfield code="a">\a Includes bibliographical references</subfield>
  </datafield>
  <datafield tag="852" ind1=" " ind2=" ">
    <subfield code="a">\a KIL</subfield>
    <subfield code="c">\c Circulation unit</subfield>
    <subfield code="p">\p 513474</subfield>
  </datafield>
  <datafield tag="942" ind1=" " ind2=" ">
    <subfield code="2">lcc</subfield>
    <subfield code="c">BK</subfield>
    <subfield code="h">\h 418</subfield>
    <subfield code="k">\k  RA</subfield>
    <subfield code="m">\m Con </subfield>
  </datafield>
  <datafield tag="952" ind1=" " ind2=" ">
    <subfield code="0">0</subfield>
    <subfield code="1">0</subfield>
    <subfield code="2">lcc</subfield>
    <subfield code="4">0</subfield>
    <subfield code="7">0</subfield>
    <subfield code="a">KIL</subfield>
    <subfield code="b">KIL</subfield>
    <subfield code="c">CIR</subfield>
    <subfield code="d">2023-08-23</subfield>
    <subfield code="l">0</subfield>
    <subfield code="o">\o RA 418 Con</subfield>
    <subfield code="p">\p 30005103059294 </subfield>
    <subfield code="r">2023-08-23 00:00:00</subfield>
    <subfield code="t">\t 513474</subfield>
    <subfield code="w">2023-08-23</subfield>
    <subfield code="y">BK</subfield>
  </datafield>
</record>
